[Event "Let's Play Chess!"]
[Site "http://www.queenalice.com/game.php?id=1776362"]
[Date "2021.12.6"]
[Round "-"]
[White "lmtz"]
[Black "igorjava"]
[Result "1-0"]
[WhiteElo "2523"]
[BlackElo "1754"]

1. e4 c5 2. Nf3 d6 3. d4 cxd4 4. Nxd4 Nf6 5. Nc3 h6 6. Bc4 e6 7. O-O Be7 8. h3
a6 9. Re1 Nc6 10. Nxc6 bxc6 11. Bf4 e5 12. Be3 O-O 13. Qd3 Qc7 14. Rad1 Bb7 15.
Bc1 Rad8 16. Bxa6 Qb6 17. Bxb7 Qxb7 18. b3 Qa7 19. a4 Rfe8 20. Qg3 Kh7 21. Rd3
Bf8 22. Red1 Qb7 23. Qf3 Be7 24. Ba3 Qc7 25. Qe2 1-0

[Event "Let's Play Chess!"]
[Site "http://www.queenalice.com/game.php?id=1776507"]
[Date "2021.12.8"]
[Round "-"]
[White "bahouais"]
[Black "igorjava"]
[Result "1-0"]
[WhiteElo "2139"]
[BlackElo "1699"]

1. e4 c5 2. Nf3 d6 3. d4 cxd4 4. Nxd4 Nf6 5. Nc3 e5 6. Bb5+ Nbd7 7. Nf5 a6 8.
Ba4 b5 9. Bb3 Nb6 10. Bg5 Bxf5 11. exf5 Be7 12. Bxf6 Bxf6 13. O-O Qd7 14. Ne4
Be7 15. Qf3 Rb8 16. Rad1 1-0

[Event "Let's Play Chess!"]
[Site "http://www.queenalice.com/game.php?id=1776508"]
[Date "2021.12.8"]
[Round "-"]
[White "igorjava"]
[Black "bahouais"]
[Result "0-1"]
[WhiteElo "1701"]
[BlackElo "2138"]

1. e4 c5 2. Nf3 d6 3. d4 cxd4 4. Nxd4 Nf6 5. Nc3 a6 6. a3 e5 7. Nf3 Be7 8. Bc4
O-O 9. O-O Nbd7 10. Bg5 b5 11. Bb3 h6 12. Be3 Bb7 13. Nd2 Rc8 14. Rc1 Nc5 15.
Bd5 Bxd5 0-1

[Event "Let's Play Chess!"]
[Site "http://www.queenalice.com/game.php?id=1776510"]
[Date "2021.12.8"]
[Round "-"]
[White "bahouais"]
[Black "igorjava"]
[Result "1-0"]
[WhiteElo "2141"]
[BlackElo "1695"]

1. e4 c5 2. Nf3 d6 3. d4 cxd4 4. Nxd4 Nf6 5. Nc3 e5 6. Bb5+ Nbd7 7. Nf5 a6 8.
Ba4 b5 9. Bb3 Nb6 10. Ne3 Bb7 11. Ned5 Nbxd5 12. Bxd5 Nxd5 13. Nxd5 Bxd5 14.
Qxd5 Be7 15. O-O O-O 16. Be3 1-0

[Event "Let's Play Chess!"]
[Site "http://www.queenalice.com/game.php?id=1776511"]
[Date "2021.12.8"]
[Round "-"]
[White "igorjava"]
[Black "bahouais"]
[Result "0-1"]
[WhiteElo "1697"]
[BlackElo "2140"]

1. e4 c5 2. Nf3 Nc6 3. d4 cxd4 4. Nxd4 Qb6 5. Nxc6 dxc6 6. b3 Nf6 7. Nc3 Bg4 8.
Be2 Rd8 9. Bd2 e5 10. Bxg4 Bb4 11. Qf3 Rxd2 12. Kxd2 Qd4+ 13. Qd3 Bxc3+ 14. Ke2
Bxa1 15. Qxd4 Bxd4 0-1

[Event "Let's Play Chess!"]
[Site "http://www.queenalice.com/game.php?id=1776520"]
[Date "2021.12.8"]
[Round "-"]
[White "igorjava"]
[Black "sasquatico"]
[Result "1-0"]
[WhiteElo "1929"]
[BlackElo "1835"]

1. e4 d5 2. exd5 Qxd5 3. Nc3 Qd8 4. d4 h6 5. Bc4 e6 6. Nf3 Bb4 7. O-O Bxc3 8.
bxc3 Nc6 9. Bb5 Bd7 10. Qd3 Nf6 11. Ba3 Ne7 12. Ne5 O-O 13. Bc4 Re8 14. Kh1 Nc6
15. Nxd7 Qxd7 16. f4 Na5 17. Bb3 Nxb3 18. axb3 a6 19. Rae1 c6 20. Kg1 b5 21. c4
bxc4 22. Qxc4 Qd5 23. Qd3 Qf5 24. Qf3 Qxc2 25. Re2 Qg6 26. Qxc6 Qd3 27. Qc4 Qxc4
28. bxc4 Rac8 29. Rc1 Red8 30. c5 Rxd4 31. g3 Ra4 32. Re3 Nd5 33. Rd3 g6 34. h4
h5 35. c6 Re4 36. Kf2 Nb4 37. Bxb4 Rxb4 38. c7 1-0

[Event "Let's Play Chess!"]
[Site "http://www.queenalice.com/game.php?id=1776521"]
[Date "2021.12.8"]
[Round "-"]
[White "lmtz"]
[Black "igorjava"]
[Result "1-0"]
[WhiteElo "2522"]
[BlackElo "1756"]

1. e4 c5 2. Nf3 d6 3. d4 cxd4 4. Nxd4 Nf6 5. Nc3 g6 6. Be3 a6 7. Be2 Bg7 8. Qd2
Nc6 9. f3 Qc7 10. O-O-O b5 11. Nxc6 Qxc6 12. e5 Nh5 13. g4 Nf6 14. exf6 Bxf6 15.
Nd5 Bg7 16. f4 Rb8 17. Bf3 Qc4 18. b3 Bc3 19. Qg2 Bb7 20. bxc4 Bxd5 21. Bxd5
bxc4 22. Qe4 Bb2+ 23. Kd2 1-0

[Event "Let's Play Chess!"]
[Site "http://www.queenalice.com/game.php?id=1776649"]
[Date "2021.12.9"]
[Round "-"]
[White "igorjava"]
[Black "lmtz"]
[Result "0-1"]
[WhiteElo "1748"]
[BlackElo "2526"]

1. e4 c5 2. Nf3 d6 3. d4 cxd4 4. Nxd4 Nf6 5. Nc3 a6 6. a3 e5 7. Nf3 b5 8. Bg5
Be7 9. Bd3 Nbd7 10. O-O h6 11. Bh4 Bb7 12. Kh1 Rc8 13. Qd2 g5 14. Bg3 Nc5 15.
Rfe1 h5 16. h4 gxh4 17. Bxh4 Ng4 18. Bxe7 Qxe7 19. Kg1 h4 20. Qg5 Qxg5 21. Nxg5
Rg8 22. Nf3 f5 0-1

[Event "Let's Play Chess!"]
[Site "http://www.queenalice.com/game.php?id=1777078"]
[Date "2021.12.14"]
[Round "-"]
[White "igorjava"]
[Black "lanzafame022"]
[Result "1-0"]
[WhiteElo "1931"]
[BlackElo "1536"]

1. e4 e5 2. f4 exf4 3. Nf3 Be7 4. Bc4 c6 5. O-O d5 6. exd5 cxd5 7. Bb3 Bg4 8.
Qe1 Bxf3 9. Rxf3 Nf6 10. Rxf4 O-O 11. d4 Nc6 12. c3 Bd6 13. Rf5 Na5 14. Bc2 Re8
15. Qf1 Nc4 16. Bg5 h6 17. Bxf6 1-0

[Event "Let's Play Chess!"]
[Site "http://www.queenalice.com/game.php?id=1777079"]
[Date "2021.12.14"]
[Round "-"]
[White "lanzafame022"]
[Black "igorjava"]
[Result "0-1"]
[WhiteElo "1538"]
[BlackElo "1929"]

1. e4 c5 2. Bc4 Nc6 3. c3 Nf6 4. d3 e6 5. Nf3 Be7 6. Be3 d6 7. O-O O-O 8. Qc2 a6
9. d4 b5 10. Be2 c4 11. b3 d5 12. exd5 exd5 13. b4 Ne4 14. a4 Bd7 15. axb5 axb5
16. Na3 Qb6 0-1

[Event "Let's Play Chess!"]
[Site "http://www.queenalice.com/game.php?id=1777531"]
[Date "2021.12.18"]
[Round "-"]
[White "igorjava"]
[Black "lmtz"]
[Result "0-1"]
[WhiteElo "1746"]
[BlackElo "2527"]

1. e4 c5 2. Nf3 d6 3. d4 cxd4 4. Nxd4 Nf6 5. Nc3 a6 6. a3 e5 7. Nf3 b5 8. Bg5
Be7 9. Bxf6 Bxf6 10. Nd5 Bb7 11. c4 O-O 12. cxb5 axb5 13. Bxb5 Qa5+ 14. b4 Qxb5
15. Nc7 Qc4 16. Nxa8 Qxe4+ 0-1

[Event "Let's Play Chess!"]
[Site "http://www.queenalice.com/game.php?id=1777532"]
[Date "2021.12.19"]
[Round "-"]
[White "Rocio"]
[Black "igorjava"]
[Result "1-0"]
[WhiteElo "1477"]
[BlackElo "1939"]

1. e3 c5 2. a3 Nf6 3. Nf3 d6 4. Bb5+ Nc6 5. c3 a6 6. Bc4 b5 7. Be2 Bb7 8. Qb3
Na5 9. Qc2 c4 10. d3 Nb3 11. Nbd2 Nxa1 12. Qb1 Nb3 13. dxc4 Nxd2 14. Bxd2 bxc4
15. b4 d5 16. Nh4 Bc6 17. O-O e6 18. b5 axb5 19. h3 Ne4 20. Be1 Qxh4 21. f3 Qh6
22. fxe4 Qxe3+ 23. Bf2 Qxe4 24. Qc1 Qxe2 25. Qf4 Qh5 26. Qg3 1-0

[Event "Let's Play Chess!"]
[Site "http://www.queenalice.com/game.php?id=1777641"]
[Date "2021.12.19"]
[Round "-"]
[White "igorjava"]
[Black "lmtz"]
[Result "0-1"]
[WhiteElo "1750"]
[BlackElo "2525"]

1. e4 c5 2. Nf3 d6 3. d4 cxd4 4. Nxd4 Nf6 5. Nc3 a6 6. b4 e5 7. Nf3 Be7 8. Bg5
Qc7 9. Qd3 Be6 10. Bxf6 Bxf6 11. a3 O-O 12. Nd1 d5 13. Rc1 dxe4 14. Qxe4 a5 15.
b5 Nd7 0-1

[Event "Let's Play Chess!"]
[Site "http://www.queenalice.com/game.php?id=1778064"]
[Date "2021.12.23"]
[Round "-"]
[White "igorjava"]
[Black "zubarev"]
[Result "0-1"]
[WhiteElo "1909"]
[BlackElo "2101"]

1. e4 e5 2. f4 Nc6 3. Nf3 d6 4. Bc4 Bg4 5. c3 Na5 6. Bd3 Nf6 7. b4 Nc6 8. Bc2
Be7 9. O-O O-O 10. d3 a6 11. a4 d5 12. Qe1 dxe4 13. dxe4 Bd6 14. f5 Ne7 15. Bg5
Nh5 16. h3 Bxf3 17. Rxf3 f6 18. Be3 g6 19. g4 Ng7 20. c4 b6 21. Na3 Rc8 22. c5
bxc5 0-1

[Event "Let's Play Chess!"]
[Site "http://www.queenalice.com/game.php?id=1778192"]
[Date "2021.12.25"]
[Round "-"]
[White "igorjava"]
[Black "tucuman"]
[Result "0-1"]
[WhiteElo "1812"]
[BlackElo "2315"]

1. e4 e6 2. d4 d5 3. exd5 exd5 4. h3 Nf6 5. Nf3 Nc6 6. Bb5 Bd7 7. O-O a6 8. Bxc6
Bxc6 9. Re1+ Be7 10. Qe2 Bd7 11. Bg5 Be6 12. Nbd2 h6 13. Bf4 c6 14. c3 O-O 15.
b4 Re8 16. a4 Bf8 17. Qd3 a5 18. Nb3 axb4 19. cxb4 Bxb4 20. Rec1 Ne4 21. Nbd2
Qf6 22. Be3 Bxh3 23. gxh3 Qg6+ 0-1

[Event "Let's Play Chess!"]
[Site "http://www.queenalice.com/game.php?id=1778193"]
[Date "2021.12.25"]
[Round "-"]
[White "tucuman"]
[Black "igorjava"]
[Result "1-0"]
[WhiteElo "2314"]
[BlackElo "1814"]

1. e4 c5 2. Nc3 Nc6 3. Nf3 d6 4. Bc4 Nf6 5. d3 Bg4 6. Be3 a6 7. h3 Bh5 8. Qe2 b5
9. Bd5 Rc8 10. g4 Bg6 11. Bxc6+ Rxc6 12. Bg5 h6 13. Bxf6 exf6 14. Nd5 a5 15. Nh4
Bh7 16. a4 b4 17. O-O-O Be7 18. Nf5 Bf8 19. b3 Qb8 20. f4 Qd8 21. Rhe1 g6 22.
Ng3 1-0